[Event "FWCM 2013"]
[Site "Chennai"]
[Date "2013.11.15"]
[Round "5"]
[White "Carlsen, Magnus"]
[Black "Anand, Viswanathan"]
[Result "1-0"]
[WhiteElo "2870"]
[BlackElo "2775"]
[Annotator "Gmuer,Albi"]
[PlyCount "116"]
[EventDate "2013.??.??"]
[EventCountry "IND"]

1. c4 {Robot 4 Diesmal also nicht 1.Sf3} e6 {An seiner Reaktion im ive-Video
konnte man sehen, dass dieser Zug nicht der war, mit dem Carlsen gerechnet
hatte.} 2. d4 d5 3. Nc3 ({Zur Katalanischen Eröffnung führt} 3. Nf3 Nf6 4. g3)
3... c6 ({Nach} 3... Nf6 {entstünde das Abgelehnte Damengambit. Mit dessen
Lasker-Variante war Anand mit Schwarz gegen Topalov erfolgreich.}) 4. e4 {Der
prinzipielle Zug bei dieser Zugfolge.} ({Nach} 4. Nf3 Nf6 5. e3 {wäre
vielleicht} (5. Bg5 h6) 5... a6 {gefolgt. So spielte Anand gegen Gelfand im
Wettkampf im letzten Jahr.}) 4... dxe4 5. Nxe4 Bb4+ 6. Nc3 {Eine pragmatische
Entscheidung. Der Zug gilt als harmlos. Aber offenbar hat Anand seine Variante
vorbereitet und Carlsen wollte nicht in eine Hausanalyse laufen.} ({Zum
scharfen Marshall-Gambit führt} 6. Bd2 Qxd4 7. Bxb4 Qxe4+ {ein aktuelles
Beispiel:} 8. Be2 Na6 9. Bc3 f6 10. Qd6 Nh6 11. Bxf6 gxf6 12. O-O-O Qg6 13.
Qd8+ Kf7 14. Qxh8 Nb4 15. Bh5 Nxa2+ 16. Kd2 Qxh5 17. Qxh7+ Kf8 18. Qh8+ Kf7 19.
Qh7+ Kf8 20. Nf3 e5 21. Ke1 Bg4 22. h3 e4 23. Nd4 Re8 24. Qh8+ Kf7 25. Qh7+ Kf8
26. Ra1 e3 27. Qh8+ Kf7 28. Qh7+ Kf8 29. Qh8+ Kf7 30. Qh7+ {1/2-1/2 (30)
Nakamura,H (2772)-Tomashevsky,E (2703) Paris 2013}) 6... c5 7. a3 Ba5 ({
Gelegentlich wurde auch schon} 7... Bxc3+ {gespielt, z.B. von Anands Sekundant
Sandipan:} 8. bxc3 Nf6 9. Nf3 Nc6 10. Be2 h6 11. O-O O-O 12. Bf4 cxd4 13. cxd4
b6 14. Bc1 Ba6 15. Bb2 Na5 16. Nd2 Rc8 17. Rc1 Ne8 18. Bd3 Nd6 19. Qe2 Re8 20.
Rc2 b5 21. c5 Ndc4 22. Bc3 Nxd2 23. Qxd2 Nc4 24. Qe2 f5 25. a4 Qd5 26. axb5
Bxb5 27. Ba1 Bc6 28. f3 Na5 29. Ra2 Nb3 30. Bc4 Nxd4 31. Qd3 Bb5 32. Bxb5 Nxb5
33. Qxd5 exd5 34. Rc1 Rc6 35. Rd2 Rd8 36. Be5 d4 37. Ra1 d3 38. Kf2 g5 39. g3
Kf7 40. f4 g4 41. Rc1 Rd5 42. Rcd1 Rcxc5 43. Rxd3 Ke6 44. Rxd5 Rxd5 45. Ra1
Rd2+ 46. Ke3 Rxh2 47. Ra5 a6 48. Rxa6+ Kd5 49. Rf6 Rg2 50. Rxf5 Rxg3+ 51. Kf2
Rh3 52. Bg7+ Kc4 53. Re5 h5 54. f5 Nc3 55. f6 Rf3+ 56. Kg1 Kd3 57. Bh6 Rxf6 58.
Rxh5 g3 59. Kg2 Ne2 60. Rd5+ Ke4 {0-1 (60) Murshed,N (2457)-Sandipan,C (2431)
Dhaka 2001}) 8. Nf3 Nf6 9. Be3 ({Oder} 9. Be2 cxd4 10. Nxd4 Ne4 11. Ndb5 Qxd1+
12. Bxd1 Nxc3 13. Nxc3 Bxc3+ 14. bxc3 Bd7 15. a4 Bc6 16. O-O Nd7 17. a5 a6 18.
Ba3 {1/2-1/2 (18) Babula,V (2590)-Khenkin,I (2603) Germany 2003}) 9... Nc6 10.
Qd3 ({Andere Züge:} 10. dxc5 Bxc3+ 11. bxc3 Qa5 12. Qc2 Ng4 13. Qc1 O-O 14. Be2
Nxe3 15. Qxe3 Ne7 16. O-O Nf5 17. Qe4 Qxc5 18. Rfd1 f6 19. Bd3 g6 20. h4 Ng7
21. Qd4 Qxd4 22. cxd4 Bd7 23. Be4 Rab8 24. Rab1 Rfc8 25. Bxb7 Rxc4 26. d5 Rc7
27. dxe6 Bxe6 28. Be4 Rxb1 29. Rxb1 Nf5 30. Rb8+ Kf7 31. a4 Nd6 32. Bd3 Rc8 33.
Rb4 Rc3 34. Be2 Rb3 35. Rf4 Ke7 36. Nd4 Rb1+ 37. Kh2 Bd7 38. Nc2 a5 39. Bf3 Nf5
40. h5 g5 41. Rc4 Rc1 {1/2-1/2 (41) Polgar,Z (2560)-Portisch,L (2580) Budapest
1993}) (10. Be2 Ne4 11. Rc1 Nxc3 12. bxc3 cxd4 13. Nxd4 Nxd4 14. Bxd4 O-O 15.
O-O {1/2-1/2 (15) Skembris,S (2440)-Moroz,A (2525) Antalya 2001}) 10... cxd4
11. Nxd4 Ng4 ({Den Zug} 11... O-O {findet man als Analyse im Livebuch von
Let's Check. Diesen Zug hat im Mai 2013 schon mal jemand analysiert.}) (11...
Ne5 12. Qc2 Neg4 13. Qc1 Nxe3 14. fxe3 O-O 15. b4 Bc7 16. Be2 e5 17. Nb3 e4 18.
Nd4 Qe7 19. Qb2 a5 20. c5 Bg4 21. O-O axb4 22. axb4 Qe5 23. g3 Rxa1 24. Rxa1 h5
25. Bxg4 Nxg4 26. Qe2 f5 27. Ncb5 Bb8 28. Ra8 h4 29. Qa2+ Kh8 30. Ne6 hxg3 31.
Nf4 gxh2+ 32. Qxh2+ Nxh2 33. Ng6+ Kg8 34. Nxe5 Bxe5 35. Ra7 Nf3+ 36. Kf2 Rd8
37. Nd6 Bxd6 38. cxd6 Rd7 39. Kg3 Kf7 40. Ra5 Ke6 41. Rb5 g5 42. Rb6 Ne5 {0-1 
(42) Martins,S (2029)-Quintiliano Pinto,R (2308) Maringa 2013}) 12. O-O-O {
Eine mutige und kämpferische Entscheidung. Falls die Damen auf dem Brett
bleiben, könnte es zu Angriffen gegen die nach unterschiedlichen Seiten
rochierten Könige geben.} Nxe3 13. fxe3 Bc7 ({Naheliegend war} 13... O-O) 14.
Nxc6 (14. Ndb5 $5) 14... bxc6 15. Qxd8+ Bxd8 {Nach 15 Zügen steht also ein
Endspiel auf dem Brett, in dem Schwarz das Läuferpaar besitzt, Weiss aber eine
Bauernmajorität am Damenflügel hat.} 16. Be2 Ke7 17. Bf3 Bd7 18. Ne4 {Die
folgenden Züge wurden recht schnell gespielt:} Bb6 {Provoziert die folgende
Abwicklung.} ({Weiss plante, aus dem Feld d6 Kapital zu schlagen:} 18... -- 19.
c5 Bc7 20. Nd6 Rhd8 21. Rd3 e5 22. Rhd1) 19. c5 f5 20. cxb6 fxe4 21. b7 {Ein
Zwischenzug, um zu verhindern, das Schwarz seine Bauernstruktur verbessert.} (
21. Bxe4 axb6 $11) 21... Rab8 22. Bxe4 Rxb7 {Die entstandene Stellung ist
minimal besser für Weiss, da Schwarz drei Einzelbauern und den zur Zeit
schlechteren Läufer hat.} 23. Rhf1 Rb5 24. Rf4 {Provoziert den nächsten Zug.}
g5 (24... e5 $5 25. Rf2 ({Nicht gut wäre} 25. Rh4 Rc5+ 26. Kb1 ({Besser} 26.
Kd2 h5 27. Bf3 $11) 26... h5 27. Bf3 Bf5+ 28. e4 g5 $19) 25... Be6 26. Rfd2 Rb3
$11) 25. Rf3 {Nun ist f6 schwach.} h5 (25... Re5 26. Bc2 g4 27. Rf4 h5 28. Rdf1
Be8 29. Kd2 $11) 26. Rdf1 Be8 27. Bc2 Rc5 {Beide Spieler hatten hier noch etwa
eine halbe Stunde Zeit auf der Uhr.} 28. Rf6 h4 29. e4 a5 30. Kd2 Rb5 31. b3
Bh5 (31... g4 $5 32. Kc3 Rc5+ 33. Kb2 g3 34. hxg3 hxg3 35. R6f3 Rg5 36. Rc3 Rh2
37. Rg1 c5 38. Bd1 $11) 32. Kc3 Rc5+ 33. Kb2 Rd8 34. R1f2 Rd4 35. Rh6 (35. Bb1
Rd2+ 36. Rxd2 Kxf6 37. Bd3 Ke5 $2 (37... g4 $11) 38. b4 axb4 39. axb4 $18)
35... Bd1 36. Bb1 Rb5 37. Kc3 c5 38. Rb2 ({Nach} 38. Rh7+ {nicht} Ke8 {wegen}
39. Ba2 Rb6 {und der zweite Turm dringt ein.} 40. Rff7 $18) 38... e5 {Im
Ergebnis der letzten Züge hat Schwarz nun aktives Spiel bekommen, während der
weisse Tum Königsflügel nun als Einzelkämpfer unterwegs ist und besopnders der
Tb2 sehr hässlich steht.} ({Ein Witz wäre} 38... Rbb4 39. axb4 axb4#) (38...
Rb8 39. e5 Rf8 40. Rh7+ Kd8 {mit der Idee, Weiss vielleicht Matt zu setzen,
funktioniert nicht:} (40... Rf7 41. Rxf7+ Kxf7 42. b4 axb4+ 43. axb4 Rxb4 44.
Rxb4 cxb4+ 45. Kxb4 $11) 41. h3 Rf1 42. Bd3 Re1 43. Rd2) 39. Rg6 (39. Rh7+ Kd6
40. Rh6+ Ke7 $11) 39... a4 $5 {Anand forciert das Spiel ein bisschen, da
Carlsen nur noch weniger als zwei Minuten auf der Uhr hatte.} (39... g4 $11)
40. Rxg5 Rxb3+ (40... Kf6 41. Rf5+ (41. Rg8 Rxb3+ 42. Rxb3 Bxb3 43. Rh8 Rd1 44.
Bd3 c4 45. Be2 Rc1+ 46. Kd2 Rc2+ 47. Ke3 Ra2 48. Rxh4 Rxa3 $15) 41... Ke6 42.
bxa4 $11) 41. Rxb3 Bxb3 ({Der Versuch} 41... axb3 {führt zu nichts:} 42. Rxe5+
Kd6 43. Rg5 Kc6 44. h3 Ra4 45. Rg6+ Kd7 46. Kb2 $14) 42. Rxe5+ Kd6 43. Rh5 {
Nun ist ein sehr kompliziertes Endspiel entstanden.} Rd1 44. e5+ (44. Bd3 Ra1
45. e5+ Kd5 46. Rxh4 Rxa3 {droht Lc4} 47. Kb2 Ra2+ 48. Kc3 (48. Kc1 a3 $19 {
und der a-Bauer droht durchzulaufen.}) 48... Kxe5 49. Rh5+ Kd6 50. Rh6+ Ke5 $11
) 44... Kd5 45. Bh7 Rc1+ (45... Ra1 {sollte auch remis machen:} 46. Bg8+ (46.
Kb2 Ra2+ 47. Kc3 Rxa3 48. Bg8+ Kc6 49. Bc4 (49. Bxb3 Rxb3+ 50. Kc2 Rb4 51. e6
Re4 52. Kd3 Rd4+ 53. Kc3 Re4 $11) 49... Bxc4+ 50. Kxc4 Ra2 51. Rxh4 Rxg2 52.
Rh6+ Kb7 53. h4 a3 54. Rh7+ Kc6 55. Rh6+ Kb7 $11) 46... Kc6 47. Bxb3 Rxa3 (
47... axb3 48. Kxb3 $16) 48. Kc4 axb3 49. Kc3 {Das Turmendspiel ist objektiv
remis.} Kd5 50. e6+ Kxe6 51. Rxh4 Ra2 52. g3 c4 53. Rxc4 Rc2+ 54. Kxb3 Rxh2 $11
) 46. Kb2 Rg1 47. Bg8+ Kc6 (47... Kd4 48. Bxb3 axb3 49. Rxh4+ Kd3 (49... Kxe5
50. g3 $16 {wäre gut für Weiss.}) 50. Kxb3 Rb1+ 51. Ka4 c4 52. Rh3+ Kd2 53. Rh8
c3 54. Rd8+ Kc2 55. e6 Re1 56. Rd6 $11 {ist remis.}) 48. Rh6+ Kd7 (48... Kb5
49. Bxb3 axb3 50. Kxb3 c4+ 51. Kc3 Rxg2 52. a4+ Kc5 (52... Kxa4 53. Kxc4 Rxh2
54. Ra6#) 53. Rxh4 $18) 49. Bxb3 axb3 50. Kxb3 Rxg2 51. Rxh4 Ke6 $2 {Der
natürlich Zug} ({Besser war aber} 51... Re2 52. a4 Rxe5 53. Kc4 Kc6 54. Rh6+
Kb7 55. Rh4 Kc6 $14 56. Rh6+ Kb7 57. Kb5 c4+ 58. Kxc4 Re4+ $11 {Remis 
(Tablebase)}) 52. a4 $18 {Nun ist das Endspiel für Weiß gewonnen.} Kxe5 53. a5
Kd6 54. Rh7 $1 (54. a6 Kc7 55. Ra4 Kb8 56. h4 Rh2 57. Rg4 Ka7 58. Kc4 $18 {
gewinnt auch.} Kxa6 59. Kxc5 Kb7 60. Kd6 Kc8 61. Ke7 Rh1 62. Rc4+ Kb7 63. Kf6
$18) 54... Kd5 55. a6 c4+ 56. Kc3 Ra2 57. a7 Kc5 58. h4 Kd5 (58... Kd5 59. h5
Ra3+ 60. Kb4 Ra6 61. h6 Kd4 62. Rd7+ Ke3 63. h7 $18) 1-0

[Event "FWCM 2013"]
[Site "Chennai"]
[Date "2013.11.16"]
[Round "6"]
[White "Anand, Viswanathan"]
[Black "Carlsen, Magnus"]
[Result "0-1"]
[WhiteElo "2775"]
[BlackElo "2870"]
[Annotator "Gmuer,Albi"]
[PlyCount "134"]
[EventDate "2013.??.??"]
[EventCountry "IND"]

1. e4 e5 2. Nf3 Nc6 3. Bb5 Nf6 4. d3 ({In der 4. Partie geschah:} 4. O-O Nxe4
5. d4 Nd6 6. Bxc6 dxc6 7. dxe5 Nf5 8. Qxd8+ Kxd8) 4... Bc5 ({Die Alternative
besteh im Fianchetto des Läufers:} 4... d6 5. c3 g6 6. O-O Bg7 7. Re1 O-O 8.
Bg5 h6 9. Bh4 Qe8 10. Nbd2 Nh5 11. d4 Bd7 12. dxe5 Nxe5 13. Bxd7 Qxd7 14. Nxe5
Bxe5 15. Nf3 Rae8 16. Nxe5 Rxe5 17. f3 Rfe8 18. Qd2 g5 19. Bf2 Nf4 $14 {1/2-1/
2 (63) Carlsen,M (2864)-Kramnik,V (2803) Moscow 2013}) 5. c3 O-O 6. O-O Re8 ({
Oder} 6... d6 7. Nbd2 a6 8. Ba4 Ba7 9. h3 Ne7 10. Re1 Ng6 11. Nf1 b5 12. Bb3
Re8 13. Ng3 Bb7 14. Be3 Bxe3 15. fxe3 d5 16. exd5 Bxd5 17. e4 {1/2-1/2 (17)
Anand,V (2801)-Kramnik,V (2785) Moscow 2007}) 7. Re1 (7. Bg5 h6 8. Bh4 Bf8 9.
Nbd2 d6 10. d4 exd4 11. Nxd4 Bd7 12. Nxc6 bxc6 13. Bd3 Be7 14. f4 Qb8 15. Bxf6
Bxf6 16. e5 dxe5 17. Ne4 Qxb2 18. f5 Red8 19. Bc4 Be8 20. Qh5 Rd6 21. Rab1 Qc2
22. Qg4 Kf8 23. h3 Rad8 24. Kh2 Qa4 25. Rb4 Qa3 26. Rb7 R6d7 27. Qf3 Qa4 28.
Qe2 Re7 29. Nxf6 gxf6 30. Qe3 Red7 31. Qc5+ Rd6 32. Rxc7 Qc2 33. Rc8 R8d7 34.
Be6 Ke7 35. Bxd7 Bxd7 36. Rh8 Qd3 37. Rf3 Qd5 38. Qxa7 e4 39. Qb8 Qe5+ 40. Rg3
{1-0 (40) Carlsen,M (2826)-Howell,D (2633) London 2011}) 7... a6 8. Ba4 b5 9.
Bb3 d6 10. Bg5 {Überraschenderweise ist dies ein neuer Zug an dieser Stelle.} (
10. Nbd2 Bb6 11. Nf1 Ne7 12. Ng3 Ng6 13. h3 h6 14. d4 c5 15. dxe5 dxe5 16. Qxd8
Bxd8 17. a4 c4 18. Bc2 Ba5 19. axb5 axb5 20. Be3 Bb7 21. Ra2 Bc7 22. Rea1 Rxa2
23. Rxa2 Ra8 24. Rxa8+ Bxa8 $11 {1/2-1/2 (41) Anand,V (2783)-Aronian,L (2809)
Paris/St Petersburg 2013}) 10... Be6 11. Nbd2 (11. Bxe6 fxe6 {würde Schwarz
die Kontrolle über die Felder d5 und f5 geben. Ausserdem öffnet sich für ihn
die f-Linie.}) 11... h6 12. Bh4 Bxb3 {Weiss hat hier drei Möglichkeiten wieder
zu nehmen, und jede Möglichkeit hat ihre Vorteile.} 13. axb3 {Anand
entscheidet sich für die Öffnung der a-Linie.} Nb8 {Der Springer soll
vielleicht nach g6 via Sb8-d7-f8-g6 gebracht werden. Die kürzere Route
Sc6-e7-g6 ist nicht möglich, weil Weiss auf f6 einen Doppelbauern bekommen
würde. Auch Sd7-c5-e6 ist eine Option. In jedem Fall ist der Springer hinter
seinen Bauern besser platziert.} 14. h3 Nbd7 15. Nh2 Qe7 16. Ndf1 Bb6 17. Ne3
Qe6 18. b4 (18. Nf5 $5 a5 19. Ng4 Kh7 20. Nxf6+ Nxf6 21. Qf3 {mit der Idee
Sxh6, und nun nicht} Qxb3 $2 22. Bxf6 gxf6 23. Qh5 {und Matt auf h6.}) 18... a5
{Löst die Schwäche a6 auf.} (18... c6 $5) 19. bxa5 Bxa5 20. Nhg4 Bb6 (20...
Nxg4 21. hxg4 Bb6 22. Rxa8 Rxa8 23. Nd5 g6 24. d4 Kg7 25. f3 c6 26. Nxb6 Nxb6
27. Bf2 $11) 21. Bxf6 Nxf6 22. Nxf6+ Qxf6 23. Qg4 {Das wünschenswerte Sd5 ging
nicht wegen Dxf2.} Bxe3 24. fxe3 {Das Wiedernehmen mit dem Bauern ist hier
erzwungen. In ähnlichen Stellungen nimmt Weiss gerne mit dem f-Bauern und
spielt dann auf der halboffenen f-Linie. Hier ist das nicht möglich, da ein
weisser Turm auf der offenen a-Linie gebunden ist. Dafür fällt hier die
strukturelle Schwäche mit dem Doppelbauern auf der e-Linie etwas mehr in
Gewicht.} Qe7 25. Rf1 c5 26. Kh2 c4 27. d4 Rxa1 ({Schwarz konnte auch noch
versuchen, die verbeliebende Spannung zu halten und seine Stellung zu
verbesseren, da Weiss überhaupt nichts unternehmen kann.} 27... g6 28. Qe2 Kg7
{usw.}) 28. Rxa1 Qb7 {Droht exd4 und Eroberung des e-Bauern.} 29. Rd1 Qc6 30.
Qf5 exd4 31. Rxd4 Re5 32. Qf3 {Schwarz kann hier gegen den weissen
Doppelbauern spielen, der aber auch bequem zu verteidigen ist. Carlsen kann
hier aber natürlich risikolos lange auf Gewinn spielen.} Qc7 {Stellt die Dame
auf die gleiche Diagonale wie den weissen König, ohne dass im Moment etwas
Konkretes droht.} 33. Kh1 Qe7 34. Qg4 Kh7 (34... Kf8 $2 {erlaubt
Vereinfachungen:} 35. Qc8+ Qe8 36. Qc7 Rxe4 (36... Qe7 37. Qb8+ Qe8 38. Qxd6+)
37. Qxd6+ Kg8 38. Rxe4 Qxe4 39. Qb8+ Kh7 40. Qxb5 Qxe3 41. Qxc4 Qc1+ 42. Kh2
Qxb2 43. Qxf7 Qxc3 {remis.}) 35. Qf4 g6 36. Kh2 Kg7 37. Qf3 Re6 38. Qg3 $5 {Um
die Ereignisse zu forcieren. Anand will nicht länger warten, ob Carlsen etwas
einfällt, sondern strebt ein Endspiel mit einem Minusbauern an, das
theoretisch remis ist.} (38. Qf4 h5 39. Qf3 Rf6 40. Qg3 {und wie soll Schwarz
hier Fortschritte machen?}) 38... Rxe4 39. Qxd6 (39. Rxe4 Qxe4 40. Qxd6 Qxe3
41. Qd5 Qg5 $17) 39... Rxe3 (39... Qxd6+ 40. Rxd6 Rxe3 41. Rb6 (41. Rd5 b4 42.
cxb4 Rb3 43. b5 ({Oder} 43. Rd4 Rxb4 44. b3 {ebenfalls mit Remisendspiel.})
43... Rxb2 44. Rc5 h5 $15 45. b6 Rxb6 46. Rxc4 {Mit einem Endspiel 3 gegen 2
Bauern am gleichen Flügel, das normalerweise nicht zu gewinnen ist.}) 41... Re5
$15) 40. Qxe7 Rxe7 41. Rd5 (41. b3 $2 cxb3 42. Rb4 Rc7 43. Rxb3 Rc5 {und Weiss
hat einen sehr passiven Turm auf b3.}) 41... Rb7 (41... b4 $6 42. cxb4 Re2 43.
Rc5 Rc2 44. Kg3 $11) 42. Rd6 (42. Kg3 Kf6 43. Kf4 Ke6 44. Ke4 f5+ 45. Kd4 Rd7 {
sieht gefährlich aus für Weiss, aber er kann sich mit genauem Spiel halten.}
46. Rxd7 Kxd7 47. Kc5 Ke6 48. Kxb5 Kd5 49. Ka4 (49. Kb4 $2 g5 50. b3 g4 51.
bxc4+ Kc6 52. hxg4 fxg4 $19 {und Schwarz gewinnt.}) 49... h5 (49... g5 50. b4
g4 (50... cxb3 51. Kxb3 Ke4 52. c4 h5 53. Kb4 f4 54. c5 Kd5 55. Kb5 g4 56. hxg4
hxg4 57. c6 f3 58. gxf3 gxf3 59. c7 f2 60. c8=Q f1=Q+ $11 {remis.}) 51. hxg4
fxg4 52. Ka5 Kc6 (52... h5 53. b5 h4 54. b6 h3 55. gxh3 g3 (55... gxh3 56. b7
h2 57. b8=Q h1=Q 58. Qa8+ $18) 56. b7 g2 57. b8=Q g1=Q 58. Qb5+ $18) 53. Ka6
Kc7 54. Ka7 (54. b5 $2 Kb8 $19 {und nun rennt ein schwarzer Bauer durch.})
54... Kc6 55. Ka6) 50. b4 (50. h4 $2 f4 51. b4 cxb3 52. Kxb3 g5 53. hxg5 f3 54.
gxf3 h4 55. g6 Ke6 $1 {Der Schlüsselzug.} 56. c4 h3 57. c5 h2 58. g7 Kf7 59. c6
h1=Q $19) 50... cxb3 51. Kxb3 g5 52. Kc2 Ke4 53. Kd2 f4 54. Ke2 $11 {remis.})
42... f6 43. h4 $1 {Der Plan h4-h5 bietet Anand gute Remischancen.} Kf7 (43...
h5 $5 44. Kg3 Kf7 45. Kf3 Ke7 46. Rc6 {mt guten Remischancen.} ({Nach} 46. Rd5
$2 Ke6 47. Ke4 f5+ 48. Kd4 Rd7 49. Rxd7 Kxd7 {wirkt sich der Einschub der
Bauernzüge am Königsflügel günstig für Schwarz aus.} 50. Kd5 (50. Kc5 Ke6 51.
Kxb5 Kd5 52. g3 g5 $19) 50... Ke7 51. Ke5 Kf7 52. g3 Ke7 53. Kd5 Kf6 54. Kd4 g5
$19)) 44. h5 gxh5 (44... g5 $2 45. Kg3 {und die schwarzen Bauern am
Königsflügel sind kaum noch beweglich.}) 45. Rd5 Kg6 46. Kg3 Rb6 47. Rc5 f5 48.
Kh4 {Nun ist Schwarz im Zugzwang. Jeder Zug verliert einen Bauern.} Re6 49.
Rxb5 Re4+ 50. Kh3 Kg5 51. Rb8 h4 52. Rg8+ Kh5 (52... Kf6 53. Rf8+ Kg6 54. Rg8+
$11) 53. Rf8 Rf4 54. Rc8 Rg4 55. Rf8 Rg3+ (55... Kg5 {führt zum Remis:} 56.
Rg8+ Kf4 57. Rxg4+ fxg4+ 58. Kxh4 g3 59. Kh3 h5 60. Kh4 Ke4 61. Kxg3 Kd3 62.
Kh4 Kc2 63. Kxh5 Kxb2 64. g4 Kxc3 65. g5 Kd4 66. g6 c3 67. g7 c2 68. g8=Q c1=Q
$11) 56. Kh2 Kg5 57. Rg8+ Kf4 {Carlsen denkt noch nicht an Remis und
unternimmt weiter Gewinnversuche.} 58. Rc8 (58. Rxg3 $2 {verliert:} hxg3+ 59.
Kh3 Ke4 60. Kxg3 Kd3 61. Kf4 Kc2 62. Kxf5 Kxb2 63. g4 Kxc3 64. Kg6 Kd3 65. Kxh6
c3 66. g5 c2 67. g6 c1=Q+ $19) 58... Ke3 59. Rxc4 f4 60. Ra4 $2 {Ein
Tempoverlust. Ausserdem bewegt sich der Turm in die falsche Richtung. Die
weissen Bauern behindern dem Turm dabei, Schachs von der Seite zu geben,} ({
Richtig war} 60. b4 h3 61. gxh3 Rg5 (61... Rg6 62. Rc7 $11) 62. Rc6 f3 63. Re6+
Kd2 64. Rf6 Ke2 65. c4 f2 66. Re6+ Kd3 67. Rf6 $11 {reicht zum Remis.} Ke2 68.
Re6+ Kf1 69. c5 Rg2+ 70. Kh1 Rg3 71. Kh2 $11) 60... h3 61. gxh3 Rg6 {Nun steht
Schwarz offenbar auf Gewinn. Der f-Bauer läuft durch.} 62. c4 (62. Ra7 f3 63.
Re7+ Kf2 64. c4 Rg2+ 65. Kh1 Rg1+ 66. Kh2 Re1 67. Rh7 Ke2 68. Re7+ Kf1 69. Rf7
f2 70. b4 Ke2 $19) 62... f3 63. Ra3+ Ke2 64. b4 f2 65. Ra2+ Kf3 66. Ra3+ Kf4
67. Ra8 Rg1 ({Möglich war auch} 67... f1=N+ 68. Kh1 Nd2 69. c5 Nf3 70. Rf8+ Ke3
71. c6 Rg1#) (67... Rg1 68. Rf8+ Ke3 69. Rxf2 Kxf2 70. c5 Rg2+ 71. Kh1 Kg3 72.
c6 Rc2 73. b5 Rc1#) 0-1